000 01243cam a2200265 4500
001 WB3821-19
008 020612n2002 000 0 eng u
035 _a(Sirsi) u118397
245 _aOverriding interest
260 _c2002
490 _aEstates Gazette
_v[2002] 23 EG 122 (CS) (8/6/02)
520 _a"UCB Group Ltd v Hedworth" CA 24 May 2002. U appealed agianst the refusal of the HC to allow a claim for vacation contesting H's overriding interest. CA allowed appeal on the grounds that H's beneficial interest did not fall within the definition of the Land Registration Act 1925 S3(8). Full decision available on Court Service Website http://www.courtservice.gov.uk/View.do?id=1195&searchTerm=UCB&ascending=false&index=0&maxIndex=1
590 _aWB
650 _aBARE TRUST
650 _aCIVIL PROCEDURE RULES PART 24
650 _aOVERRIDING INTEREST
650 _aBENEFICIAL OWNERSHIP
650 _aESTOPPEL
650 _aUCB GROUP LTD V HEDWORTH
650 _aLAND REGISTRATION ACT 1925 S3
650 _aLAND REGISTRATION ACT 1925 S70(1)(G)
690 _aPROPERTY AND LAND LAW-CASE LAW
856 _uhttps://www.courtservice.gov.uk/View.do?id=1195&searchTerm=UCB&ascending=false&index=0&maxIndex=1
942 _n0
999 _c70475
_d70475